| 000 | 00944cad a22002295a 4500 | ||
|---|---|---|---|
| 001 | E150038 | ||
| 008 | 100525s2010 xxk f f000 0 eng d | ||
| 020 | _a9781859463772 | ||
| 035 | _a(Sirsi) u150038 | ||
| 041 | 0 | _aeng | |
| 050 | 0 | 4 | _a692.8 $2 18 |
| 110 | 2 |
_aUnited Kingdom _bDepartment for Communities and Local Government _94939 |
|
| 245 | 0 | 0 |
_aDomestic building services compliance guide _h[electronic resource] |
| 250 | _a2010 edition | ||
| 260 |
_aLondon _bDCLG _c2010 |
||
| 520 | _aOffers guidance to assist with complying with the Building Regulations for the installation of fixed building services in domestic buildings. Valid from 1 October 2010. | ||
| 590 | _aKA | ||
| 651 | 4 |
_aEngland and Wales _y1543- |
|
| 690 |
_aBuilding regulations _96224 |
||
| 856 | 4 | 0 |
_uhttps://www.planningportal.gov.uk/uploads/br/domestic_building_compliance_guide_2010.pdf _zView the guide free of charge at www.planningportal.gov.uk |
| 942 | _n0 | ||
| 999 |
_c110710 _d110710 |
||